000 00317nam a22001337a 4500
020 _a978-81-264-4948-4
082 _a894.812
_bPIL/S
100 _aSANJEEV.S.PILLA
245 _aSCHOOL KALOLTSAVAM ARIYENDATHELLAM
260 _aKERALA
_bDC BOOKS
_c2014
300 _a110
650 _aENTERTAINMENT
_zKERALA
942 _cBK
999 _c1038
_d1038